The Mystery Visitor / (Record no. 203744)
[ view plain ]
| 000 -LEADER | |
|---|---|
| fixed length control field | 01514nam a2200337 ia4500 |
| 003 - CONTROL NUMBER IDENTIFIER | |
| control field | OSt |
| 005 - DATE AND TIME OF LATEST TRANSACTION | |
| control field | 20260408111511.0 |
| 008 - FIXED-LENGTH DATA ELEMENTS--GENERAL INFORMATION | |
| fixed length control field | 260408s2024 enkab jr 000 1 eng d |
| 020 ## - INTERNATIONAL STANDARD BOOK NUMBER | |
| International Standard Book Number | 9781801314138 |
| Terms of availability | RM 41.00 |
| Qualifying information | paperback |
| 040 ## - CATALOGING SOURCE | |
| Original cataloging agency | PPAK |
| Language of cataloging | eng |
| Transcribing agency | PPAK |
| Description conventions | rda |
| 082 04 - DEWEY DECIMAL CLASSIFICATION NUMBER | |
| Edition number | 23 |
| Classification number | 823.92 |
| 090 00 - LOCALLY ASSIGNED LC-TYPE CALL NUMBER (OCLC); LOCAL CALL NUMBER (RLIN) | |
| Classification number (OCLC) (R) ; Classification number, CALL (RLIN) (NR) | 823.92 |
| Feature heading | BUS |
| Feature heading | K |
| 100 1# - MAIN ENTRY--PERSONAL NAME | |
| Personal name | Bushby, Aisha, |
| Relator term | eauthor. |
| 245 10 - TITLE STATEMENT | |
| Title | The Mystery Visitor / |
| Statement of responsibility, etc. | Aisha Bushby ; Illustrations by Kübra Teber |
| 246 35 - VARYING FORM OF TITLE | |
| Title proper/short title | Join Tiny in her miniature adventure world filled with BIG adventures!" : TINY the Seceret Adventurer : |
| Remainder of title | the mystery visitor |
| 264 #1 - PRODUCTION, PUBLICATION, DISTRIBUTION, MANUFACTURE, AND COPYRIGHT NOTICE | |
| Place of production, publication, distribution, manufacture | London, UK : |
| Name of producer, publisher, distributor, manufacturer | Usborne, |
| Date of production, publication, distribution, manufacture, or copyright notice | 2024 |
| 300 ## - PHYSICAL DESCRIPTION | |
| Extent | 123 pages : |
| Other physical details | illustrations ; |
| Dimensions | 20 cm |
| 336 ## - CONTENT TYPE | |
| Content type term | text |
| Source | rdacontent |
| 337 ## - MEDIA TYPE | |
| Media type term | unmediated |
| Source | rdamedia |
| 338 ## - CARRIER TYPE | |
| Carrier type term | volume |
| Source | rdacarrier |
| 490 1# - SERIES STATEMENT | |
| Series statement | TINY the Secret Adventurer |
| 500 ## - GENERAL NOTE | |
| General note | "You don't have to be big to be brave!"--Cover. |
| 520 ## - SUMMARY, ETC. | |
| Summary, etc. | "One day a mystery visitor with large paws, sharp fangs and shining eyes arrives in the school garden where Tiny lives with her animal friends. The animals are scared, but Tiny realizes this young creature needs help... Can she persuade the others that this mystery visitor means them no harm?"-- |
| Assigning source | Publisher |
| 650 10 - SUBJECT ADDED ENTRY--TOPICAL TERM | |
| Topical term or geographic name entry element | Garden animals |
| Form subdivision | Juvenile fiction |
| Topical term or geographic name entry element | Friendship |
| Form subdivision | Juvenile fiction |
| 655 #7 - INDEX TERM--GENRE/FORM | |
| Genre/form data or focus term | Animal fiction. |
| Genre/form data or focus term | Action and adventure fiction. |
| 700 1# - ADDED ENTRY--PERSONAL NAME | |
| Personal name | Teber, Kübra, |
| Relator term | illustrations. |
| 830 #0 - SERIES ADDED ENTRY--UNIFORM TITLE | |
| Uniform title | Tiny the secret adventurer |
| 942 ## - ADDED ENTRY ELEMENTS (KOHA) | |
| Source of classification or shelving scheme | Dewey Decimal Classification |
| Koha item type | Book |
| Withdrawn | Not for loan | Current library | Shelving location | Date acquired | Total Checkouts | Full call number | Barcode | Date last seen | Koha item type |
|---|---|---|---|---|---|---|---|---|---|
| Perpustakaan Alor Setar | Pinjaman Kanak-kanak | 09/04/2026 | K 823.92 BUS | A01910126 | 09/04/2026 | Book | |||
| Perpustakaan Awam Sungai Petani | Pinjaman Kanak-kanak | 09/04/2026 | K 823.92 BUS | A01910127 | 09/04/2026 | Book |